OECD Regions and Cities at a Glance 2018

Saved in:
Bibliographic Details
Format: Book
Language:English
Published: Paris OECD 2018
Series:OECD Regions and Cities at a Glance
Subjects:
Tags: Add Tag
No Tags, Be the first to tag this record!

MARC

LEADER 00000nam a2200000 4500
001 0253126
005 20221220065749.5
020 |a 978-92-64-30508-3 
041 0 |a eng 
044 |a FR 
245 1 0 |a OECD Regions and Cities at a Glance 2018 
264 1 |a Paris  |b OECD  |c 2018 
300 |a 164 s. 
490 1 |a OECD Regions and Cities at a Glance 
830 0 |a OECD Regions and Cities at a Glance 
610 2 0 |a regióny 
610 2 0 |a mestá 
610 2 0 |a konkurencieschopnosť 
610 2 0 |a blahobyt 
610 2 0 |a dynamika ekonomiky 
610 2 0 |a populácia 
610 2 0 |a komplex regionálny 
610 2 0 |a ekonomika regionálna 
610 2 0 |a financie štátne 
610 2 0 |a investície 
610 2 0 |a porovnanie štatistické medzinárodné